000 00654pam a2200193 a 4500
020 _a0471086584 (acidfree paper)
082 0 0 _a624.15136
_bTER
_cN-01 , P-233
100 1 _aTerzaghi, Karl,
_922903
245 1 0 _aSoil mechanics in engineering practice /
_cKarl Terzaghi, Ralph B. Peck, Gholamreza Mesri.
250 _a3rd ed.
260 _aNew York :
_bWiley,
_cc1996.
300 _axxx, 549 p. :
_bill. ;
_c29 cm.
500 _a"A Wiley-Interscience publication."
526 _a0
_b0
_c0
_d624_151360000000000_TER
650 0 _aSoil mechanics.
_bNUST
_936300
700 1 _aMesri, Gholamreza,
_936301
700 1 _aPeck, Ralph B.
_926657
942 _2ddc
_cBK
999 _c541433
_d541433